| 000 | 00729nam a22002297a 4500 | ||
|---|---|---|---|
| 005 | 20180813163705.0 | ||
| 010 | _aENG-123723 | ||
| 020 |
_a9780199456550 _c599.00 |
||
| 035 | _aEN-107255 | ||
| 037 | _bDBAD/PUB | ||
| 082 | _a331 | ||
| 100 | _aRatnam, C.S. Venkata | ||
| 245 |
_aIndustrial relations / _cby C.S. Venkata Ratnam [and] Manoranjan Dhal |
||
| 250 | _a2nd ed. | ||
| 260 |
_c2016 _aNew Delhi _bOxford University Press |
||
| 270 |
_aYMCA Library Building, 1 Jai Singh Road, _bNew Delhi _e110001 |
||
| 300 |
_c25cm(pbk) _axvi,592p. _bill. |
||
| 500 | _aIt include index | ||
| 500 | _aOnline Resources for teachers and students | ||
| 700 | _aDhal, Manoranjan | ||
| 942 |
_cEN _2ddc _mRAT _h331 |
||
| 999 |
_c155851 _d155851 |
||